01037cam a22002651a 4500001001300000003000400013005001700017008004100034010001700075035002000092040002300112042001200135043001200147050001400159245009500173260011700268300002800385500001700413500008000430504005100510650006600561651005300627710003000680740006100710ca 27000498 DLC20260227111119.0891202s1920 maua b 000 0 eng  aca 27000498  a(OCoLC)20725960 aDLCcWHidWHidDLC apremarc an-us-ma00aF68b.P7100aPilgrim Tercentenary :bobservances at Plymouth, December 21, 1920 and the summer of 1921. a[Plymouth, Mass.] :bIssued by the Plymouth Cordage Co. by authority of the Tercentenary Town Committee,c[1920] a15 p. :bill. ;c16 cm. aCover title. aRunning title: The Pilgrim Tercentenary, Plymouth, June to September, 1921. aIncludes bibliographical references (p. 12-15) 0aPilgrims (New Plymouth Colony)xCentennial celebrations, etc. 0aMassachusettsxHistoryyNew Plymouth, 1620-1691.2 aPlymouth Cordage Company.0 aPilgrim Tercentenary, Plymouth, June to September, 1921.